| 000 | 00440nam a2200181Ia 4500 | ||
|---|---|---|---|
| 001 | 21170 | ||
| 005 | 20260306172859.0 | ||
| 008 | 260306t2005||||xx |||||||||||||| ||spa|| | ||
| 041 | _aESP | ||
| 082 |
_a344G _bZ17 |
||
| 100 |
_aZaffaroni, Eugenio Raúl _eAUT |
||
| 245 | 0 |
_aManual de derecho penal: _bparte general |
|
| 260 | _c2005 | ||
| 300 |
_a772 páginas : _c24 cm. |
||
| 650 | _aGEN | ||
| 654 | _aCDE | ||
| 942 |
_cLIB _dJUS _fJUS _2ddc _n |
||
| 999 |
_c21170 _d21170 |
||